MARC

LEADER 00000nam0a2200000 4500
001 348624
005 20231102010127.0
035 |a (RuTPU)RU\TPU\retro\361 
090 |a 348624 
100 |a 20180302d1962 m y0rusy50 ca 
101 0 |a rus 
102 |a RU 
105 |a a z 001zy 
200 1 |a Китайский язык  |f Е. Н. Горелова, В. И. Горелов 
210 |a Москва  |c Изд-во ИМО  |d 1962 
215 |a 101 с.  |c ил. 
225 1 |a Языки народов мира 
320 |a Библиогр.: с. 99-100 
606 1 |a Китайский язык  |2 stltpush  |3 (RuTPU)RU\TPU\subj\14450  |9 40833 
610 1 |a письменность 
610 1 |a звуки 
610 1 |a реформы 
610 1 |a слова 
610 1 |a правила 
610 1 |a стилистика 
686 |a Ш171.11  |v LBC/SL-A  |2 rubbk 
700 1 |a Горелова  |b Е. Н.  |g Елена Николаевна 
701 1 |a Горелов  |b В. И.  |g Владимир Иванович 
801 1 |a RU  |b 63413507  |c 20180302 
801 2 |a RU  |b 63413507  |c 20180510  |g RCR 
942 |c BK